[Event "Pere Noel"]
[Site "Montreal CAN"]
[Date "2014.12.28"]
[Round "3"]
[White "Larochelle, Martial"]
[Black "Weston, Paul"]
[Result "1-0"]
[WhiteElo "2173"]
[BlackElo "1909"]
[PlyCount "127"]
[EventDate "2014.12.26"]
[EventType "swiss"]
[EventRounds "5"]
[EventCountry "CAN"]

1. d4 d5 2. c4 e6 3. Nc3 Nf6 4. cxd5 exd5 5. Bg5 Nbd7 6. e3 Bb4 7. Bd3 c5 8.
Nge2 c4 9. Bf5 O-O 10. O-O Nb6 11. Qc2 g6 12. Bxc8 Rxc8 13. Nf4 Be7 14. Bxf6
Bxf6 15. Qe2 Bg5 16. Qf3 Bxf4 17. Qxf4 f5 18. h4 Qf6 19. g3 Kg7 20. Kg2 Rfe8
21. Rh1 h5 22. Nb5 Re4 23. Qf3 Rd8 24. Nxa7 Na4 25. Nb5 Qb6 26. Nc3 Nxc3 27.
bxc3 Qa5 28. Rhc1 b5 29. Qe2 b4 30. cxb4 Qxb4 31. a4 Rb8 32. a5 Re7 33. a6 Ra7
34. Qf3 Qd6 35. Ra5 Rd8 36. Rca1 Rdd7 37. Rc5 Kf6 38. Raa5 Ke6 39. Rxd5 Qxd5
40. Rxd5 Rxd5 41. Qf4 Rxa6 42. Qc7 Rad6 43. Qxc4 Kf6 44. Kf3 g5 45. hxg5+ Kxg5
46. Qc7 Rd7 47. Qf4+ Kg6 48. Qh4 Ra5 49. Kf4 Rh7 50. Qg5+ Kf7 51. e4 Ra2 52.
Qxf5+ Kg8 53. Qc8+ Kg7 54. Qd7+ Kg8 55. Qe8+ Kg7 56. f3 Rh6 57. Qe7+ Kg8 58. d5
Ra8 59. e5 Rh7 60. Qe6+ Rf7+ 61. Kg5 Ra3 62. d6 Raxf3 63. Kxh5 Rxg3 64. d7 1-0

[Event "Pere Noel"]
[Site "Montreal CAN"]
[Date "2014.12.28"]
[Round "3"]
[White "Li, Yi Lin"]
[Black "Nunez, Omar"]
[Result "1-0"]
[WhiteElo "1830"]
[BlackElo "2034"]
[PlyCount "65"]
[EventDate "2014.12.26"]
[EventType "swiss"]
[EventRounds "5"]
[EventCountry "CAN"]

1. e4 d5 2. exd5 Qxd5 3. Nc3 Qa5 4. d4 Nf6 5. Bd2 Bg4 6. f3 Bf5 7. Bc4 Qb6 8.
Nge2 a6 9. Bb3 e6 10. O-O Nc6 11. Be3 O-O-O 12. Kh1 e5 13. Qc1 exd4 14. Bf2 Qa5
15. Ne4 Nxe4 16. fxe4 Bxe4 17. Bxf7 Bd6 18. Nxd4 Kb8 19. Qe3 Qe5 20. Nxc6+ Bxc6
21. Qa7+ Kc8 22. Bg3 Qe4 23. Rf3 Qe2 24. Rf2 Qe4 25. Rd1 Rhf8 26. Bh4 Rxf7 27.
Qa8+ Kd7 28. Qxd8+ Ke6 29. Qg8 Bf4 30. Bg3 g5 31. Bxf4 gxf4 32. Qg4+ Ke7 33.
Re2 1-0

[Event "Pere Noel"]
[Site "Montreal CAN"]
[Date "2014.12.28"]
[Round "3"]
[White "Luo, Alan"]
[Black "Voskanyan, Vahagn"]
[Result "0-1"]
[WhiteElo "1692"]
[BlackElo "2245"]
[PlyCount "112"]
[EventDate "2014.12.26"]
[EventType "swiss"]
[EventRounds "5"]
[EventCountry "CAN"]

1. e4 c6 2. d4 d5 3. exd5 cxd5 4. c4 Nf6 5. Nf3 g6 6. Nc3 Bg7 7. h3 O-O 8. Be2
Nc6 9. Be3 dxc4 10. Bxc4 b6 11. O-O Bb7 12. Ng5 Na5 13. Be2 Rc8 14. Rc1 Nc4 15.
Bxc4 Rxc4 16. Qb3 Rc8 17. Nb5 Rxc1 18. Rxc1 a6 19. Nc7 Nd5 20. Nxd5 Bxd5 21.
Qa4 Qa8 22. Nf3 b5 23. Qa3 e6 24. Ne1 Rc8 25. b3 Bf8 26. Qb2 a5 27. f3 Rxc1 28.
Qxc1 a4 29. Qb2 axb3 30. axb3 Qa3 31. Qxa3 Bxa3 32. Nc2 Bb2 33. b4 Bb3 34. Ne1
Bc3 35. Nd3 Bc2 36. Nc5 Bxb4 37. Kf2 Bc3 38. Ke2 b4 39. Bd2 Bxd4 40. Bxb4 g5
41. Ne4 h6 42. Kd2 Ba4 43. Kd3 Be5 44. Nf2 f5 45. Kc4 Kf7 46. Nd3 Bc7 47. Bf8
Kxf8 48. Nc5 Bb8 49. Nxa4 Ba7 50. Kb5 Ke7 51. Kc6 Bd4 52. g3 f4 53. g4 e5 54.
Kd5 Kd7 55. Nc5+ Bxc5 56. Kxc5 e4 0-1

[Event "Pere Noel"]
[Site "Montreal CAN"]
[Date "2014.12.28"]
[Round "3"]
[White "Masse, Hugues"]
[Black "Luo, Zhao Yang"]
[Result "1-0"]
[WhiteElo "2315"]
[BlackElo "2096"]
[PlyCount "113"]
[EventDate "2014.12.26"]
[EventType "swiss"]
[EventRounds "5"]
[EventCountry "CAN"]

1. d4 d5 2. c4 e6 3. Nf3 c5 4. cxd5 exd5 5. Nc3 Nc6 6. g3 Nf6 7. Bg2 Be7 8. O-O
O-O 9. Bg5 Be6 10. dxc5 Bxc5 11. e3 h6 12. Bxf6 Qxf6 13. Na4 Be7 14. Rc1 Rac8
15. Qd2 Rfd8 16. Nd4 Bb4 17. Nc3 Ne5 18. Rc2 Qg6 19. Nxe6 fxe6 20. Rd1 Rc7 21.
a3 Ba5 22. Be4 Qg4 23. Bg2 Rdc8 24. h3 Qf5 25. e4 dxe4 26. Bxe4 Qxe4 27. Nxe4
Nf3+ 28. Kg2 Nxd2 29. Rxc7 Rxc7 30. Nxd2 Rc2 31. b4 Bb6 32. Ne4 Re2 33. Kf3 Ra2
34. Rd3 Kf8 35. h4 g6 36. Rc3 Ke7 37. Rd3 e5 38. Nc5 Rc2 39. Rd7+ Kf6 40. Rxb7
Bxc5 41. bxc5 Rxc5 42. Rxa7 h5 43. a4 Rc3+ 44. Ke4 Rc4+ 45. Kd3 Rd4+ 46. Ke3
Kf5 47. a5 Ra4 48. Rf7+ Ke6 49. Ra7 Kf5 50. a6 Ra3+ 51. Ke2 Ke4 52. Ra8 Ra2+
53. Kf1 Kf3 54. Rf8+ Kg4 55. Kg2 g5 56. a7 Rxa7 57. f3# 1-0

[Event "Pere Noel"]
[Site "Montreal CAN"]
[Date "2014.12.28"]
[Round "3"]
[White "Nica, Ion"]
[Black "Chang, Michael"]
[Result "1/2-1/2"]
[WhiteElo "1670"]
[BlackElo "1933"]
[PlyCount "54"]
[EventDate "2014.12.26"]
[EventType "swiss"]
[EventRounds "5"]
[EventCountry "CAN"]

1. b3 d6 2. Bb2 Nf6 3. g3 Nbd7 4. Bg2 g6 5. Nc3 Bg7 6. Nd5 O-O 7. h4 Nxd5 8.
Bxg7 Kxg7 9. Bxd5 Nf6 10. Bf3 h5 11. e3 e5 12. d3 c6 13. Qd2 Be6 14. Ne2 Qc7
15. c4 d5 16. cxd5 Bxd5 17. Bxd5 Nxd5 18. e4 Nf6 19. O-O Rad8 20. f3 Rd7 21.
Rad1 Rfd8 22. Qe3 b6 23. Rd2 Qd6 24. Rfd1 c5 25. Qg5 Qe6 26. Kg2 Nh7 27. Qe3
Nf6 1/2-1/2

[Event "Pere Noel"]
[Site "Montreal CAN"]
[Date "2014.12.28"]
[Round "3"]
[White "Prahov, Valentin"]
[Black "Sprumont, Oscar"]
[Result "0-1"]
[WhiteElo "2243"]
[BlackElo "2084"]
[PlyCount "140"]
[EventDate "2014.12.26"]
[EventType "swiss"]
[EventRounds "5"]
[EventCountry "CAN"]

1. e4 e6 2. d4 d5 3. e5 c5 4. c3 Nc6 5. Nf3 Qb6 6. a3 Nh6 7. b4 cxd4 8. cxd4
Nf5 9. Be3 f6 10. exf6 gxf6 11. Nc3 Nxe3 12. fxe3 Bh6 13. Kf2 Bd7 14. Na4 Qc7
15. Rc1 Qd6 16. Nc5 Bc8 17. Bb5 O-O 18. Bxc6 Qxc6 19. Qb3 Qd6 20. b5 b6 21. Na6
Bxa6 22. bxa6 Rfc8 23. Qb4 Bf8 24. Qxd6 Bxd6 25. a4 Ba3 26. Rxc8+ Rxc8 27. Ra1
Rc3 28. Nd2 Bc1 29. Ra2 Bxd2 30. Rxd2 Rc4 31. Ra2 Kf7 32. Ke2 e5 33. dxe5 fxe5
34. Kf3 h5 35. g3 Kf6 36. h3 Kf5 37. Rd2 Ke6 38. Ra2 Rc3 39. Kf2 Kf5 40. a5
bxa5 41. Rxa5 Rc2+ 42. Kf1 Ke4 43. g4 hxg4 44. hxg4 Rh2 45. Rb5 Ra2 46. Rb7
Rxa6 47. Rd7 Kf3 48. Kg1 Kxe3 49. Rxd5 e4 50. Kg2 Kf4 51. Rd7 Kxg4 52. Kf2 Ra3
53. Ke2 a5 54. Rg7+ Kf5 55. Rf7+ Ke5 56. Re7+ Kd5 57. Re8 Kd4 58. Rd8+ Kc3 59.
Ke3 Rb3 60. Ra8 Rb5 61. Kxe4 Rb4+ 62. Ke3 a4 63. Rc8+ Kb2 64. Kd3 a3 65. Rc2+
Kb1 66. Rh2 a2 67. Kc3 a1=Q+ 68. Kxb4 Qd4+ 69. Kb3 Qe3+ 70. Kc4 Qf4+ 0-1

[Event "Pere Noel"]
[Site "Montreal CAN"]
[Date "2014.12.28"]
[Round "3"]
[White "Simard, Francois"]
[Black "Villeneuve, Benoit"]
[Result "0-1"]
[WhiteElo "1872"]
[BlackElo "1726"]
[PlyCount "68"]
[EventDate "2014.12.26"]
[EventType "swiss"]
[EventRounds "5"]
[EventCountry "CAN"]

1. d4 f5 2. Bg5 Nf6 3. c4 e6 4. Nc3 Bb4 5. a3 Bxc3+ 6. bxc3 O-O 7. Nf3 d6 8. e3
Qe8 9. Qc2 e5 10. d5 Na6 11. Nd2 Nc5 12. Bxf6 Rxf6 13. e4 fxe4 14. Nxe4 Nxe4
15. Qxe4 Bf5 16. Qe3 b6 17. Bd3 Bxd3 18. Qxd3 Qg6 19. Qxg6 Rxg6 20. f4 exf4 21.
O-O Rf6 22. Rf3 Re8 23. Rd1 Re2 24. Rf2 Re3 25. Rf3 Rxf3 26. gxf3 Rf5 27. a4
Re5 28. Kf2 Re3 29. Rc1 a5 30. h4 Kf7 31. Kg2 Re2+ 32. Kh3 h5 33. Rg1 Rf2 34.
Rg5 g6 0-1

[Event "Pere Noel"]
[Site "Montreal CAN"]
[Date "2014.12.29"]
[Round "4"]
[White "Clyde, Jordan"]
[Black "Larochelle, Martial"]
[Result "1-0"]
[WhiteElo "2130"]
[BlackElo "2173"]
[PlyCount "85"]
[EventDate "2014.12.26"]
[EventType "swiss"]
[EventRounds "5"]
[EventCountry "CAN"]

1. b3 e5 2. Bb2 Nc6 3. e3 g6 4. d4 exd4 5. exd4 Bg7 6. c3 d5 7. Bd3 Nge7 8. Ne2
Bf5 9. Ng3 Qd7 10. Nxf5 Nxf5 11. Qe2+ Nfe7 12. Nd2 O-O 13. h4 Qe6 14. O-O-O
Qxe2 15. Bxe2 Rad8 16. Rhe1 Nf5 17. g3 Nb8 18. Bd3 Nd6 19. Re7 Rd7 20. Rde1
Rfd8 21. Ba3 Bf8 22. R7e2 c6 23. Nf3 Rc7 24. Bxd6 Rxd6 25. Re8 Nd7 26. Ra8 a6
27. Ree8 Kg7 28. Kd1 f6 29. h5 Kf7 30. hxg6+ hxg6 31. Nh4 f5 32. Nf3 Be7 33.
Rh8 Nf8 34. Ng5+ Bxg5 35. Raxf8+ Kg7 36. Rfg8+ Kf7 37. Rh7+ Kxg8 38. Rxc7 b5
39. Ra7 c5 40. dxc5 Rc6 41. b4 Bf6 42. Kd2 Bg7 43. Rd7 1-0

[Event "Pere Noel"]
[Site "Montreal CAN"]
[Date "2014.12.29"]
[Round "4"]
[White "Destree, Frederic"]
[Black "Leblanc-Legault, Mathieu"]
[Result "1-0"]
[WhiteElo "1879"]
[BlackElo "1590"]
[PlyCount "63"]
[EventDate "2014.12.26"]
[EventType "swiss"]
[EventRounds "5"]
[EventCountry "CAN"]

1. Nf3 Nf6 2. g3 g6 3. Bg2 Bg7 4. d3 d5 5. O-O O-O 6. c4 c6 7. Qc2 dxc4 8. dxc4
Bf5 9. Qb3 Qb6 10. Nc3 Nbd7 11. Be3 Qxb3 12. axb3 Bc2 13. Nd4 Bf5 14. Nxf5 gxf5
15. Bxa7 e5 16. Be3 Ng4 17. Bg5 f6 18. Rxa8 Rxa8 19. Bc1 Nc5 20. h3 Nh6 21. b4
Nb3 22. b5 Rc8 23. Be3 Nf7 24. Rd1 cxb5 25. cxb5 e4 26. Rd7 Ne5 27. Rxb7 Nc4
28. Nd5 Nxe3 29. Ne7+ Kf8 30. Nxc8 Nc4 31. Rc7 Nba5 32. b4 1-0

[Event "Pere Noel"]
[Site "Montreal CAN"]
[Date "2014.12.29"]
[Round "4"]
[White "Durette, Francis"]
[Black "Heredia, Jose"]
[Result "0-1"]
[WhiteElo "1750"]
[BlackElo "1943"]
[PlyCount "86"]
[EventDate "2014.12.26"]
[EventType "swiss"]
[EventRounds "5"]
[EventCountry "CAN"]

1. e4 c6 2. d4 d5 3. exd5 cxd5 4. c4 Nf6 5. Nc3 e6 6. Nf3 Nc6 7. cxd5 Nxd5 8.
a3 Be7 9. Bd3 O-O 10. O-O a6 11. Nxd5 Qxd5 12. Be3 Bf6 13. Qd2 g6 14. Bc2 b5
15. b4 Bb7 16. Rfd1 Rfd8 17. Rab1 Ne7 18. Bb3 Qh5 19. Qe2 Nf5 20. Rd2 Bxf3 21.
Qxf3 Qxf3 22. gxf3 Nxd4 23. Bxd4 Rxd4 24. Rxd4 Bxd4 25. Kg2 Kf8 26. Bc2 Rc8 27.
Be4 Rc7 28. Rd1 e5 29. Rd2 Ke7 30. Ra2 f5 31. Bd5 Kd6 32. Bb3 Rc1 33. Bc2 Ra1
34. Rxa1 Bxa1 35. Kf1 Bb2 36. a4 Bc3 37. axb5 axb5 38. Bd3 Kc6 39. Ke2 Bxb4 40.
Ke3 Bc3 41. f4 Bd4+ 42. Ke2 e4 43. Bc2 Kc5 0-1

[Event "Pere Noel"]
[Site "Montreal CAN"]
[Date "2014.12.29"]
[Round "4"]
[White "Luo, Alan"]
[Black "Dumouchel, Alain"]
[Result "0-1"]
[WhiteElo "1692"]
[BlackElo "1903"]
[PlyCount "56"]
[EventDate "2014.12.26"]
[EventType "swiss"]
[EventRounds "5"]
[EventCountry "CAN"]

1. e4 c5 2. Ne2 d6 3. g3 Nc6 4. Bg2 g6 5. c3 Bg7 6. d4 Bg4 7. f3 Bd7 8. Be3 b6
9. O-O Nf6 10. Qd2 O-O 11. Bh6 b5 12. Bxg7 Kxg7 13. f4 cxd4 14. cxd4 e5 15.
fxe5 dxe5 16. dxe5 Nxe5 17. Nbc3 Bc6 18. Qf4 Qe7 19. Nd4 Nh5 20. Qf2 Bb7 21.
Ndxb5 f5 22. Qd4 Rfd8 23. Qf2 Ng4 24. Qe1 Qc5+ 25. Kh1 fxe4 26. Qe2 Nxg3+ 27.
hxg3 Qh5+ 28. Bh3 Qxh3+ 0-1

[Event "Pere Noel"]
[Site "Montreal CAN"]
[Date "2014.12.29"]
[Round "4"]
[White "Ouellet, Maili-Jade"]
[Black "Gauthier, Denis"]
[Result "1-0"]
[WhiteElo "1945"]
[BlackElo "1954"]
[PlyCount "37"]
[EventDate "2014.12.26"]
[EventType "swiss"]
[EventRounds "5"]
[EventCountry "CAN"]

1. d4 Nf6 2. c4 e6 3. Nc3 Bb4 4. Qc2 O-O 5. Bg5 d6 6. Nf3 Nbd7 7. e3 b6 8. Bd3
h6 9. Bh4 Bb7 10. O-O Bxc3 11. Qxc3 c5 12. Rac1 Rc8 13. Rfd1 Qe7 14. dxc5 bxc5
15. Bg3 e5 16. Nh4 Ne4 17. Nf5 Nxc3 18. Nxe7+ Kh8 19. Rxc3 1-0

[Event "Pere Noel"]
[Site "Montreal CAN"]
[Date "2014.12.29"]
[Round "4"]
[White "Prahov, Valentin"]
[Black "Yao, Sammy"]
[Result "1-0"]
[WhiteElo "2243"]
[BlackElo "1882"]
[PlyCount "89"]
[EventDate "2014.12.26"]
[EventType "swiss"]
[EventRounds "5"]
[EventCountry "CAN"]

1. e4 c5 2. d4 cxd4 3. c3 Nf6 4. e5 Nd5 5. cxd4 e6 6. Nc3 Nxc3 7. bxc3 Qc7 8.
Bd2 d6 9. f4 Be7 10. Nf3 Nd7 11. Bd3 O-O 12. O-O b6 13. Qe2 Bb7 14. Rae1 Rac8
15. Ng5 Bxg5 16. Qh5 Bh6 17. g4 f5 18. g5 dxe5 19. gxh6 g6 20. Qh4 Qc6 21. Qg3
e4 22. Be2 Qd5 23. Qe3 b5 24. h4 Kh8 25. a4 a6 26. axb5 axb5 27. Rb1 Bc6 28.
Rb4 Nb6 29. Rfb1 Nc4 30. Bxc4 bxc4 31. Kh2 Rc7 32. Rb8 Rcc8 33. Rxc8 Rxc8 34.
Be1 Kg8 35. h5 Ra8 36. Bh4 Bb7 37. Rg1 Kf7 38. hxg6+ hxg6 39. Qg3 Ke8 40. Qxg6+
Kd7 41. Qg7+ Kd6 42. h7 Ra2+ 43. Kh3 e3 44. Qe5+ Qxe5 45. dxe5+ 1-0

[Event "Pere Noel"]
[Site "Montreal CAN"]
[Date "2014.12.29"]
[Round "4"]
[White "Sambuev, Bator"]
[Black "Sprumont, Oscar"]
[Result "1-0"]
[WhiteElo "2572"]
[BlackElo "2084"]
[PlyCount "111"]
[EventDate "2014.12.26"]
[EventType "swiss"]
[EventRounds "5"]
[EventCountry "CAN"]

1. d4 Nf6 2. c4 g6 3. Nc3 d5 4. cxd5 Nxd5 5. e4 Nxc3 6. bxc3 Bg7 7. Bc4 c5 8.
Ne2 O-O 9. O-O Nc6 10. Be3 Bg4 11. f3 Na5 12. Bd3 cxd4 13. cxd4 Be6 14. d5 Bxa1
15. Qxa1 f6 16. Qd4 Bd7 17. e5 a6 18. Nf4 Qc7 19. e6 Bb5 20. Bxg6 Qc4 21. Bf7+
Rxf7 22. exf7+ Kxf7 23. Rc1 Qxd4 24. Bxd4 b6 25. Rc7 Rb8 26. Bc3 Rd8 27. Bb4
Rd7 28. Rxd7 Bxd7 29. Bxa5 bxa5 30. Kf2 Bb5 31. Ke3 f5 32. a3 Kf6 33. Kd4 a4
34. g3 Bf1 35. Ne6 Be2 36. f4 Bf1 37. Ng5 h6 38. Ne6 Be2 39. Nc5 Bb5 40. Nd3
Kg6 41. Ne5+ Kf6 42. Kc5 Kg7 43. d6 exd6+ 44. Kxd6 Kf6 45. Nd7+ Kf7 46. Nb6 Kg6
47. Nd7 Kh5 48. Nf6+ Kg6 49. Nd7 Kh5 50. Nf6+ Kg6 51. Ke5 Bd3 52. Nd5 Kh5 53.
h3 Bf1 54. Nf6+ Kg6 55. h4 h5 56. Nd5 1-0

[Event "Pere Noel"]
[Site "Montreal CAN"]
[Date "2014.12.29"]
[Round "4"]
[White "Struben, Jeroen"]
[Black "Gunapalan, David"]
[Result "0-1"]
[WhiteElo "1719"]
[BlackElo "1887"]
[PlyCount "126"]
[EventDate "2014.12.26"]
[EventType "swiss"]
[EventRounds "5"]
[EventCountry "CAN"]

1. d4 d5 2. c4 e6 3. Nf3 c5 4. cxd5 exd5 5. g3 Nc6 6. Bg2 Nf6 7. O-O Be7 8. Nc3
O-O 9. dxc5 d4 10. Na4 Bf5 11. Bf4 Be4 12. Rc1 Re8 13. Qb3 Nd5 14. Bd6 Bxd6 15.
cxd6 Qxd6 16. Nc5 Rab8 17. Nxe4 Rxe4 18. Ng5 Re5 19. Ne4 Qd8 20. Rfd1 Nb6 21.
Rc5 Qe7 22. Rxe5 Qxe5 23. Rc1 Nd7 24. a3 Kf8 25. Qc4 h6 26. b4 Re8 27. b5 Ne7
28. Qb4 Kg8 29. Qd6 Qxb5 30. Rc7 Qb1+ 31. Bf1 Qxe4 32. Qxd7 Kf8 33. Rxb7 a5 34.
Qc7 Qc6 35. Qd7 Qxd7 36. Rxd7 Nc6 37. Bg2 Rc8 38. Rd6 Ne5 39. Rxd4 Rc1+ 40. Bf1
Ke7 41. Kg2 Rc3 42. Ra4 Nc4 43. e3 Nxa3 44. Rxa5 Nc2 45. g4 g5 46. Ra6 f6 47.
Ra7+ Kf8 48. Rh7 Ra3 49. Rxh6 Kg7 50. Rh3 Ra2 51. e4 Ne1+ 52. Kg1 Nc2 53. Rc3
Nd4 54. Kg2 Ne6 55. Kg3 Ra1 56. Bb5 Rg1+ 57. Kf3 Nd4+ 58. Ke3 Nxb5 59. Rc5 Nd6
60. f3 Rg2 61. e5 fxe5 62. Rc6 Nf7 63. h3 Rh2 0-1

[Event "Pere Noel"]
[Site "Montreal CAN"]
[Date "2014.12.30"]
[Round "4"]
[White "Villeneuve, Benoit"]
[Black "Dia, Jack"]
[Result "1/2-1/2"]
[WhiteElo "1726"]
[BlackElo "1882"]
[PlyCount "85"]
[EventDate "2014.12.26"]
[EventType "swiss"]
[EventRounds "5"]
[EventCountry "CAN"]

1. e4 c5 2. Nf3 d6 3. d4 cxd4 4. Nxd4 Nf6 5. Nc3 Nc6 6. Be2 e5 7. Nb3 Be7 8.
Be3 Be6 9. Bf3 O-O 10. O-O Re8 11. Qd2 Bg4 12. Qe2 Bxf3 13. Qxf3 Kh8 14. Rad1
Rc8 15. Rd2 Na5 16. Nxa5 Qxa5 17. Rd3 Kg8 18. Bg5 b5 19. Bxf6 Bxf6 20. Rxd6 Qb4
21. Rd5 Qxb2 22. Nxb5 Rxc2 23. Nxa7 Qxa2 24. Nb5 Rd2 25. Nc3 Qc2 26. Rxd2 Qxd2
27. Nd5 Bg5 28. Rd1 Qb2 29. Qg4 h6 30. h4 Bd8 31. Qc8 Rf8 32. Qg4 Kh8 33. Ne3
Bb6 34. Qf3 Qb3 35. Re1 Qc3 36. Qe2 Bxe3 37. Qxe3 Qa5 38. Rd1 Qc7 39. Qa3 Rd8
40. Rxd8+ Qxd8 41. g3 f6 42. Kg2 Qd4 43. Qf3 1/2-1/2

[Event "Pere Noel"]
[Site "Montreal CAN"]
[Date "2014.12.29"]
[Round "4"]
[White "Voskanyan, Vahagn"]
[Black "Masse, Hugues"]
[Result "0-1"]
[WhiteElo "2245"]
[BlackElo "2315"]
[PlyCount "136"]
[EventDate "2014.12.26"]
[EventType "swiss"]
[EventRounds "5"]
[EventCountry "CAN"]

1. Nf3 Nf6 2. c4 c5 3. g3 Nc6 4. Bg2 d5 5. cxd5 Nxd5 6. Nc3 Nc7 7. d3 e5 8. Be3
Be7 9. Rc1 Bd7 10. O-O O-O 11. Nd2 Rc8 12. a3 Kh8 13. Na4 b6 14. Nc3 Nd4 15.
Nc4 f6 16. f4 exf4 17. Bxf4 Bg4 18. Ne3 Bh5 19. g4 Bf7 20. Nf5 Nxf5 21. gxf5
Nd5 22. Bd2 Nxc3 23. Bxc3 Bd6 24. Qa4 Qe7 25. Qg4 Be5 26. Be4 Rfe8 27. Kh1 Bg8
28. Rg1 Bxc3 29. Rxc3 c4 30. Bf3 cxd3 31. Rxd3 Rc7 32. Rgd1 h6 33. Qa4 Rc4 34.
Qd7 Qe5 35. Qxa7 Rh4 36. Kg1 Qxh2+ 37. Kf1 Qh3+ 38. Ke1 Qg3+ 39. Kd2 Qf4+ 40.
Kc2 Rc8+ 41. Kb1 Qxf5 42. Qd7 Be6 43. Qb7 Bc4 44. Qxc8+ Qxc8 45. Rd8+ Qxd8 46.
Rxd8+ Kh7 47. Kc2 Bf7 48. Rb8 h5 49. Rxb6 Rf4 50. Rb7 Bg6+ 51. Kd2 h4 52. Ke3
Rc4 53. Rb4 Rxb4 54. axb4 Be8 55. Kd4 g5 56. Kc5 Bd7 57. b5 g4 58. Be4+ Kh6 59.
b6 Bc8 60. Bf5 g3 61. Bxc8 g2 62. Kc6 g1=Q 63. Kb7 Kg5 64. Ka6 Qa1+ 65. Kb7
Qxb2 66. Ka7 Qa3+ 67. Ba6 Qb4 68. Bd3 f5 0-1

[Event "Pere Noel"]
[Site "Montreal CAN"]
[Date "2014.12.29"]
[Round "4"]
[White "Weston, Paul"]
[Black "Goldner, John"]
[Result "1-0"]
[WhiteElo "1909"]
[BlackElo "1782"]
[PlyCount "91"]
[EventDate "2014.12.26"]
[EventType "swiss"]
[EventRounds "5"]
[EventCountry "CAN"]

1. e4 e5 2. Nf3 Nc6 3. Bc4 Nf6 4. Ng5 d5 5. exd5 Na5 6. Bb5+ c6 7. dxc6 bxc6 8.
Be2 h6 9. Nh3 Bd6 10. Nc3 Bf5 11. d3 Qd7 12. Ng1 Rd8 13. Bd2 Nb7 14. Nf3 O-O
15. O-O Qc7 16. Nh4 Bh7 17. g3 Rfe8 18. f3 Bc5+ 19. Kh1 e4 20. fxe4 Rxe4 21.
dxe4 Nxe4 22. Nxe4 Bxe4+ 23. Bf3 Be3 24. Bxe3 Rxd1 25. Raxd1 Bxf3+ 26. Nxf3 c5
27. Kg1 f6 28. Rd5 Qe7 29. Kf2 Qe4 30. Rfd1 Qxc2+ 31. R1d2 Qc4 32. b3 Qc3 33.
Ne1 Qb4 34. Nd3 Qe4 35. Nxc5 Nxc5 36. Rxc5 Qh1 37. Rh5 Kh7 38. Rd7 Kg6 39. Rh4
Qb1 40. Rg4+ Kh5 41. Rgxg7 Qxa2+ 42. Kf3 Qxb3 43. Rh7 Kg6 44. g4 Qd1+ 45. Rxd1
Kxh7 46. Rd7+ 1-0

[Event "Pere Noel"]
[Site "Montreal CAN"]
[Date "2014.12.29"]
[Round "4"]
[White "Yu, Zong Yang"]
[Black "Gachet, Sebastien"]
[Result "0-1"]
[WhiteElo "2360"]
[BlackElo "2293"]
[PlyCount "114"]
[EventDate "2014.12.26"]
[EventType "swiss"]
[EventRounds "5"]
[EventCountry "CAN"]

1. d4 Nf6 2. c4 g6 3. Nc3 Bg7 4. Nf3 O-O 5. Bf4 c5 6. e3 cxd4 7. exd4 d5 8. Be2
Nc6 9. O-O Bg4 10. h3 Bxf3 11. Bxf3 dxc4 12. Be3 Qd7 13. Qd2 e6 14. Rfd1 Ne7
15. Rac1 Ned5 16. g4 Rac8 17. g5 Ne8 18. Nxd5 exd5 19. Bg4 Qd8 20. Bxc8 Qxc8
21. Kg2 Nd6 22. f3 Nf5 23. Bf2 h6 24. h4 h5 25. Qf4 b5 26. a3 Qc6 27. Rc2 Re8
28. Rdd2 a5 29. Re2 Rc8 30. Rc1 Qb6 31. Rce1 Qc6 32. Qd2 Kh7 33. Rd1 Ra8 34.
Qe1 Qd7 35. Qd2 Qd6 36. Qe1 Qc6 37. Qd2 Bf8 38. Re5 Bd6 39. Rxf5 gxf5 40. Re1
Kg6 41. Bg3 b4 42. Bxd6 Qxd6 43. Re5 Rc8 44. Qc2 Qd7 45. axb4 axb4 46. Kg3 Re8
47. Qe2 Qd6 48. f4 Rxe5 49. fxe5 Qc6 50. Kf4 Qb6 51. Qd2 Qa7 52. Ke3 Qa4 53.
Kf4 Qa7 54. Ke3 c3 55. bxc3 Qa3 56. Kf4 Qxc3 57. Qa2 Qxd4+ 0-1

[Event "Pere Noel"]
[Site "Montreal CAN"]
[Date "2014.12.29"]
[Round "4"]
[White "Zhu, Hong Rui"]
[Black "Giroux, Robert"]
[Result "1-0"]
[WhiteElo "2174"]
[BlackElo "1993"]
[PlyCount "67"]
[EventDate "2014.12.26"]
[EventType "swiss"]
[EventRounds "5"]
[EventCountry "CAN"]

1. e4 e5 2. Nf3 Nc6 3. d4 exd4 4. Bc4 Nf6 5. e5 d5 6. Bb5 Ne4 7. Nxd4 Bd7 8.
Bxc6 bxc6 9. O-O Bc5 10. c3 O-O 11. Be3 Bb6 12. f3 Ng5 13. f4 Ne4 14. Nd2 Nxd2
15. Qxd2 c5 16. Nb3 c4 17. Nc5 Bf5 18. Na6 c6 19. Rf2 Bxe3 20. Qxe3 Qb6 21. Nc5
Rae8 22. b3 f6 23. bxc4 fxe5 24. fxe5 Bb1 25. Rxf8+ Rxf8 26. e6 Qb2 27. e7 Re8
28. Nb3 dxc4 29. Qe6+ Kh8 30. Qf7 h6 31. Qxe8+ Kh7 32. Qf7 cxb3 33. e8=Q Qxa1
34. Qeg8# 1-0

[Event "Pere Noel"]
[Site "Montreal CAN"]
[Date "2014.12.30"]
[Round "5"]
[White "Dia, Jack"]
[Black "Caceres Cortes, Julio"]
[Result "1/2-1/2"]
[WhiteElo "1882"]
[BlackElo "1961"]
[PlyCount "50"]
[EventDate "2014.12.26"]
[EventType "swiss"]
[EventRounds "5"]
[EventCountry "CAN"]

1. Nf3 b6 2. g3 e6 3. d3 Nf6 4. Bg2 Bb7 5. Nbd2 Bc5 6. e4 Nc6 7. O-O O-O 8. c3
e5 9. Nc4 Re8 10. Ncxe5 Nxe5 11. Nxe5 Rxe5 12. d4 Re8 13. dxc5 Nxe4 14. cxb6
axb6 15. Be3 Qe7 16. Qc2 Nd6 17. Bf4 Bxg2 18. Kxg2 Nc4 19. b3 Ne5 20. Rfe1 Qc5
21. Bxe5 Rxe5 22. Rxe5 Qxe5 23. Rd1 d6 24. a4 h6 25. Qd3 Ra5 1/2-1/2

[Event "Pere Noel"]
[Site "Montreal CAN"]
[Date "2014.12.30"]
[Round "5"]
[White "Dumouchel, Alain"]
[Black "Prahov, Valentin"]
[Result "0-1"]
[WhiteElo "1903"]
[BlackElo "2243"]
[PlyCount "68"]
[EventDate "2014.12.26"]
[EventType "swiss"]
[EventRounds "5"]
[EventCountry "CAN"]

1. e4 c5 2. Nf3 e6 3. d4 cxd4 4. Nxd4 Nf6 5. Nc3 Nc6 6. Ndb5 Bb4 7. a3 Bxc3+ 8.
Nxc3 d5 9. exd5 exd5 10. Bd3 O-O 11. O-O d4 12. Ne2 Bg4 13. f3 Bh5 14. Bg5 Bg6
15. Qd2 Re8 16. Rad1 Qb6 17. Bxf6 gxf6 18. Kh1 Qxb2 19. f4 Re3 20. f5 Bh5 21.
g4 Bxg4 22. Rb1 Qxa3 23. Rg1 h5 24. Nxd4 Rae8 25. Ne6 Rxd3 26. cxd3 fxe6 27. h3
exf5 28. hxg4 hxg4 29. Rxb7 Re7 30. Rxe7 Qxe7 31. Re1 Ne5 32. Qa2+ Qf7 33.
Qxf7+ Kxf7 34. d4 Nf3 0-1

[Event "Pere Noel"]
[Site "Montreal CAN"]
[Date "2014.12.30"]
[Round "5"]
[White "Durette, Francis"]
[Black "Simard, Francois"]
[Result "1/2-1/2"]
[WhiteElo "1750"]
[BlackElo "1872"]
[PlyCount "71"]
[EventDate "2014.12.26"]
[EventType "swiss"]
[EventRounds "5"]
[EventCountry "CAN"]

1. e4 c5 2. Nf3 Nc6 3. d4 cxd4 4. Nxd4 g6 5. c4 Bg7 6. Be3 Nf6 7. Nc3 O-O 8.
Be2 Nxd4 9. Bxd4 e6 10. O-O d5 11. cxd5 exd5 12. exd5 Re8 13. Bf3 Bf5 14. Qd2
Ne4 15. Nxe4 Bxe4 16. Bxe4 Rxe4 17. Bxg7 Kxg7 18. Rfe1 Rc4 19. b3 Rc7 20. d6
Rd7 21. Rad1 Rc8 22. Qd4+ Kg8 23. Rd2 a6 24. h3 Qf8 25. Red1 Rc6 26. Qf4 f5 27.
Qe5 Kf7 28. Qd5+ Kg7 29. Qe6 Qf7 30. Qe5+ Qf6 31. f4 Kf7 32. Qd5+ Qe6 33. Qe5
Qf6 34. Rd5 Qxe5 35. fxe5 Ke6 36. R1d2 1/2-1/2

[Event "Pere Noel"]
[Site "Montreal CAN"]
[Date "2014.12.30"]
[Round "5"]
[White "Giroux, Robert"]
[Black "Steinberg, Ellis"]
[Result "1-0"]
[WhiteElo "1993"]
[BlackElo "1882"]
[PlyCount "75"]
[EventDate "2014.12.26"]
[EventType "swiss"]
[EventRounds "5"]
[EventCountry "CAN"]

1. d4 Nf6 2. c4 g6 3. g3 Bg7 4. Bg2 O-O 5. Nc3 d6 6. Nf3 c6 7. O-O Nbd7 8. h3
Qc7 9. e4 e5 10. Re1 a6 11. a4 a5 12. Be3 Rd8 13. Rc1 h6 14. Qd2 Kh7 15. Qc2
Nb8 16. c5 d5 17. Nxe5 Nxe4 18. Nxe4 dxe4 19. Bxe4 Bxh3 20. Bxg6+ fxg6 21.
Qxg6+ Kg8 22. Bxh6 Rf8 23. Bg5 Bf5 24. Qd6 Qxd6 25. cxd6 Nd7 26. Be7 Rfe8 27.
Rcd1 Bf8 28. g4 Nxe5 29. Rxe5 Bd7 30. Rd3 Bg7 31. Rg5 Kh7 32. Rh3+ Kg8 33. Bf6
Re1+ 34. Kg2 Kf7 35. Rxg7+ Kxf6 36. Rxd7 Rg8 37. Rf3+ Ke6 38. Re7+ 1-0